| 000 | 00632nam a2200193 a 4500 | ||
|---|---|---|---|
| 005 | 20140412111420.0 | ||
| 008 | 080103s19uu xx 00 eng d | ||
| 020 | _a0-439-83380-6 | ||
| 050 |
_aM 621.3092 _bB45 2006 |
||
| 100 | _aBerger, Melvin | ||
| 245 |
_aWhat makes the light bright, Mr. Edison? / _cMelvin Berger, Gilda Berger. |
||
| 260 |
_aNew York : _bScholastic Inc, _cc2006. |
||
| 300 | _a48p. | ||
| 440 | _aScience super giants | ||
| 500 | _aIncludes index. | ||
| 650 |
_aEdison, Thomas Alva ,1847-1931 _xJuvenile literature |
||
| 650 |
_aInventors _xUnited states _xBiography _xJuvenile Literature |
||
| 999 |
_c106008 _d106008 |
||